000 00512nam a2200181Ia 4500
008 100917s9999 xx 000 0 und d
082 _b65437
100 _aलोणकर बी. एम.
245 _aइंद्राणी
260 _bविमलाबाइंर् लोणकर
_c1984
300 _a144
365 _b25
520 _aकादंबरी
630 _aइंद्राणी
650 _aकादंबरी
730 _aइंद्राणी
942 _cBOOK
999 _c670831
_d670828